[Event "Let's Play Chess!"]
[Site "http://www.queenalice.com/game.php?id=313660"]
[Date "2007.12.4"]
[Round "-"]
[White "YouLoseSorry"]
[Black "ABLANCO"]
[Result "0-1"]
[WhiteElo "1611"]
[BlackElo "1023"]

1. e4 e5 2. Qf3 Nf6 3. Nh3 d5 4. exd5 Nxd5 5. Bc4 c6 6. Ng5 Qxg5 7. h4 Qf4 8. d3
Qxc1+ 9. Ke2 Qxh1 10. b4 Qc1 11. Nc3 Qxa1 12. Nxd5 Be6 13. Nc7+ Kd8 14. Nxe6+
fxe6 15. Qf7 h5 16. Bxe6 b5 17. Qb7 Rh6 18. Qc8+ Ke7 19. Qd7+ Nxd7 0-1

[Event "333"]
[Site "http://www.queenalice.com/game.php?id=317943"]
[Date "2007.12.11"]
[Round "-"]
[White "phystutordotcom"]
[Black "ABLANCO"]
[Result "1-0"]
[WhiteElo "2044"]
[BlackElo "1205"]

1. Nf3 d5 2. d3 Nf6 3. Nbd2 Nc6 4. g3 e5 5. e4 dxe4 6. dxe4 Bg4 7. Bg2 Nd4 8. c3
Nb5 9. Qa4 a6 10. Nxe5 Qd6 11. Nxg4 Rd8 12. Nxf6+ Qxf6 13. c4 Rd4 14. Nb3 Rd3
15. cxb5 axb5 16. Qxb5+ Qc6 17. Qxd3 h5 18. O-O Rh6 19. Bxh6 gxh6 20. e5 Qe6 21.
Rad1 1-0

[Event "Challenge"]
[Site "http://www.queenalice.com/game.php?id=318371"]
[Date "2007.12.11"]
[Round "-"]
[White "Red1"]
[Black "ABLANCO"]
[Result "1-0"]
[WhiteElo "1186"]
[BlackElo "1197"]

1. Nc3 d5 2. d4 Nc6 3. Nf3 Nf6 4. Bg5 Bf5 5. h3 Qd7 6. g4 h6 7. Bc1 Nb4 8. gxf5
Ne4 9. Bf4 O-O-O 10. Ne5 Qe8 11. h4 f6 12. Ng6 Rh7 13. Nxf8 Qxf8 14. f3 Nd6 15.
a3 Nc6 16. Qd3 Nc4 17. Bh3 Nxb2 18. Qd2 Nc4 19. Qd3 N6a5 20. e4 h5 21. a4 Nb2
22. Qb5 Nbc4 23. Qc5 Rd7 24. Qxa7 c6 25. exd5 cxd5 26. Qa8# 1-0

[Event "Challenge"]
[Site "http://www.queenalice.com/game.php?id=318378"]
[Date "2007.12.11"]
[Round "-"]
[White "rycaom"]
[Black "ABLANCO"]
[Result "1-0"]
[WhiteElo "1210"]
[BlackElo "1177"]

1. e4 e5 2. d3 Bb4+ 3. c3 Bd6 4. c4 Nc6 5. Nf3 Bb4+ 6. Bd2 Nf6 7. a3 Bc5 8. Nh4
Nd4 9. Be3 g5 10. Nf5 g4 11. b4 Bb6 12. c5 d5 13. Bh6 Rg8 14. Qa4+ Bd7 15. Qd1
Rg6 16. cxb6 cxb6 17. f3 Qc8 18. h3 b5 19. Qc1 Qxc1+ 20. Bxc1 gxf3 21. Nd6+ Ke7
22. Nxb7 Rc8 23. Be3 Nc2+ 24. Kd1 Nxa1 25. gxf3 Rg3 26. Nd2 Rc2 27. Bc5+ Ke8 28.
Nd6+ 1-0

[Event "Challenge"]
[Site "http://www.queenalice.com/game.php?id=318379"]
[Date "2007.12.11"]
[Round "-"]
[White "roberto_falk"]
[Black "ABLANCO"]
[Result "0-1"]
[WhiteElo "1302"]
[BlackElo "977"]

1. e4 e5 2. Nc3 Nf6 3. Bc4 c6 4. Nf3 Ng4 5. O-O Qf6 6. d3 Bc5 7. Bg5 Qg6 8. Nxe5
Qxg5 9. Nxf7 Qh5 10. Nxh8 Qxh2# 0-1

[Event "Revenge"]
[Site "http://www.queenalice.com/game.php?id=319237"]
[Date "2007.12.12"]
[Round "-"]
[White "ABLANCO"]
[Black "roberto_falk"]
[Result "0-1"]
[WhiteElo "1181"]
[BlackElo "1242"]

1. e4 e5 2. Nf3 Nc6 3. Nc3 Nf6 4. Nb5 Nxe4 5. d3 Nc5 6. Bg5 f6 7. Be3 d5 8. b4
Nxb4 9. Rb1 Bg4 10. Rxb4 Nxd3+ 11. Qxd3 Bxb4+ 12. c3 a6 13. cxb4 axb5 14. Qxb5+
c6 15. Qxb7 O-O 16. Qxc6 d4 17. Bd2 Rxa2 18. Bc4+ Kh8 19. Bxa2 Bd7 20. Qe4 Bb5
21. Nxe5 fxe5 22. Qxe5 Re8 23. Bg5 Rxe5+ 24. Kd2 Qxg5+ 25. Kc2 Qf5+ 26. Kd2
Qxf2+ 27. Kd1 Qxa2 28. Rf1 Bxf1 29. g4 Re2 30. b5 Qd2# 0-1

[Event "Revenge"]
[Site "http://www.queenalice.com/game.php?id=319238"]
[Date "2007.12.12"]
[Round "-"]
[White "ABLANCO"]
[Black "roberto_falk"]
[Result "1-0"]
[WhiteElo "1163"]
[BlackElo "1266"]

1. d4 d5 2. e4 dxe4 3. d5 Nf6 4. c4 Ng4 5. Qe2 e5 6. Qxe4 Bc5 7. Qxe5+ Nxe5 8.
Nc3 Ng4 9. h4 O-O 10. Bd3 Nxf2 11. Rh2 Qe8+ 12. Be2 Bg4 13. Bf4 Bd4 14. Bxc7
Bxc3+ 15. bxc3 Nd3+ 16. Kd2 Nf4 17. Bxg4 Nd7 18. d6 Qe5 19. g3 Ne2 20. Nxe2 Rae8
21. Rb1 f5 22. Bf3 Qe3+ 23. Kc2 Qxf3 24. Kd2 Ne5 25. Rxb7 Nxc4+ 26. Kc2 Rxe2+
27. Rxe2 Qxe2+ 28. Kb3 Qe6 29. Rxa7 Ne3+ 30. Kb4 Qc4+ 31. Ka3 Qxc3+ 32. Ka4 Nd5
33. Rb7 Ra8+ 34. Kb5 1-0

[Event "Tortuguero Challenge II"]
[Site "http://www.queenalice.com/game.php?id=482137"]
[Date "2008.10.24"]
[Round "-"]
[White "puertolimon"]
[Black "ABLANCO"]
[Result "1-0"]
[WhiteElo "1477"]
[BlackElo "1140"]

1. e4 e5 2. Nf3 d6 3. h3 Nf6 4. Nc3 c5 5. Bc4 a6 6. Ng5 Qe7 7. d3 Nc6 8. Qf3 b5
9. Bd5 Nd4 10. Qd1 Ra7 11. Be3 b4 12. Bxd4 Nxd5 13. Nxd5 Qxg5 14. Bxc5 Rd7 15.
Bxb4 Qxg2 16. Ke2 Be7 17. Nxe7 Rxe7 18. Bxd6 Bxh3 19. Qg1 Bg4+ 20. Kd2 Qf3 21.
Bxe7 h5 22. Bg5 O-O 23. Re1 Rd8 24. Bxd8 f6 25. Re3 Qf4 26. c4 Kf8 27. b4 Ke8
28. Bb6 Kd7 29. Rh4 Kc6 30. f3 Kxb6 31. fxg4 hxg4 32. Rxg4 Qh6 33. Kc3 g5 34.
Rh3+ Kc7 35. Rxh6 1-0

[Event "Let's Play Chess!"]
[Site "http://www.queenalice.com/game.php?id=485610"]
[Date "2008.10.31"]
[Round "-"]
[White "ABLANCO"]
[Black "Slazenger"]
[Result "0-1"]
[WhiteElo "1137"]
[BlackElo "1717"]

1. d4 Nf6 2. Nf3 c6 3. Bd2 e6 4. e3 Ne4 5. Ne5 d6 6. f3 Nxd2 7. Qxd2 dxe5 8.
dxe5 Qxd2+ 9. Nxd2 Nd7 10. f4 f5 11. Nc4 Bc5 12. O-O-O b5 13. Na5 Bxe3+ 14. Kb1
Bxf4 15. Nxc6 Nxe5 16. Rd8+ Kf7 17. Rxh8 Nxc6 18. Bxb5 Nd4 19. Be8+ Ke7 20. c3
Bd7 21. Rf1 Rxe8 22. Rxh7 Nc6 23. Rxf4 Kf7 24. Rd4 Nxd4 25. cxd4 Bc6 26. g3 f4
27. gxf4 Be4+ 28. Kc1 Bxh7 29. a4 Rd8 30. a5 Rxd4 31. b3 Rxf4 32. Kb2 Rh4 33.
Kc3 e5 34. b4 e4 35. b5 e3 36. b6 axb6 37. axb6 Be4 38. h3 e2 39. Kd2 Bf3 0-1

[Event "Challenge"]
[Site "http://www.queenalice.com/game.php?id=487674"]
[Date "2008.11.4"]
[Round "-"]
[White "ABLANCO"]
[Black "Saru"]
[Result "0-1"]
[WhiteElo "1135"]
[BlackElo "1300"]

1. e4 d5 2. exd5 Qxd5 3. c4 Qe5+ 4. Be2 Bf5 5. Nf3 Qe4 6. Qa4+ Nd7 7. Nc3 Qc6 8.
Nh4 Nb6 9. Qb4 e6 10. d3 Bxb4 11. O-O O-O-O 12. Bf3 Qd6 13. Rd1 g5 14. Nxf5 exf5
15. Bxg5 f6 16. Bh4 Bc5 17. Nb5 Qe5 18. Nxa7+ Kd7 19. d4 Bxd4 20. Rac1 Nc8 21.
Bxb7 Qe2 22. Rxd4+ Nd6 23. c5 Qe5 24. Rcd1 Qxc5 25. Nc6 Qc2 26. Nxd8 Kxd8 27. a4
Ke8 28. a5 Nb5 29. R4d2 Qb3 30. Bc6+ Kf8 31. Rd5 Qxb2 32. Rxb5 Qe2 33. Rf1 Ne7
34. Bxf6 Nxc6 35. Rxf5 Qg4 36. Rg5 Qxg5 37. Bxg5 Nxa5 38. f4 h6 39. Bf6 Rh7 40.
Bc3 Nc4 41. Rd1 c5 42. Rd8+ Ke7 0-1

[Event "AUTO-OPEN-1370"]
[Site "http://www.queenalice.com/game.php?id=508882"]
[Date "2008.12.17"]
[Round "1"]
[White "ABLANCO"]
[Black "igorzz"]
[Result "0-1"]
[WhiteElo "1133"]
[BlackElo "2117"]

1. d4 Nf6 2. f3 d5 3. e3 Nc6 4. g4 e5 5. g5 Nh5 6. Nc3 Qxg5 7. h4 Qg3+ 8. Kd2
Bb4 9. Qe1 Qg6 10. a3 Bxc3+ 11. bxc3 Bf5 12. Rb1 Bxc2 13. Rb2 Ba4 14. Bd3 Qg2+
15. Qe2 Qxh1 16. Qf2 O-O-O 17. e4 exd4 18. exd5 Rxd5 19. Be4 dxc3+ 20. Kxc3 Rd1
21. Bg5 Rxg1 22. Be7 Rc1+ 23. Kd3 Qd1+ 24. Ke3 Rc3+ 25. Bd3 Qxd3# 0-1

[Event "AUTO-OPEN-1370"]
[Site "http://www.queenalice.com/game.php?id=508883"]
[Date "2008.12.17"]
[Round "1"]
[White "igorzz"]
[Black "ABLANCO"]
[Result "1-0"]
[WhiteElo "2099"]
[BlackElo "1135"]

1. e4 e5 2. Nf3 d6 3. Nc3 Nf6 4. d4 Bg4 5. Be2 Qe7 6. O-O Nc6 7. Bb5 a6 8. Ba4
b5 9. Bb3 b4 10. Nd5 Qd7 11. Ba4 Nxe4 12. Nxb4 Be7 13. Nxc6 Bh4 14. Ncxe5 Qxa4
15. Nxg4 Be7 16. Qd3 d5 17. Ne3 O-O 18. Nxd5 Rad8 19. Qxe4 Bd6 20. Ng5 Rde8 21.
Qxh7# 1-0

[Event "AUTO-OPEN-1370"]
[Site "http://www.queenalice.com/game.php?id=508884"]
[Date "2008.12.17"]
[Round "1"]
[White "ABLANCO"]
[Black "KennyB"]
[Result "0-1"]
[WhiteElo "1135"]
[BlackElo "1803"]

1. d4 e6 2. e4 d5 3. exd5 exd5 4. Qe2+ Be7 5. Qe3 Nf6 6. Bb5+ c6 7. Ba4 O-O 8.
Nf3 Re8 9. O-O Bg4 10. Nc3 Nbd7 11. Qd3 Bd6 12. Ng5 h6 13. f3 Bh5 14. g4 Bg6 15.
Qd2 hxg5 16. Qxg5 a5 17. f4 Ne4 18. Qxd8 Raxd8 0-1

[Event "AUTO-OPEN-1370"]
[Site "http://www.queenalice.com/game.php?id=508885"]
[Date "2008.12.17"]
[Round "1"]
[White "KennyB"]
[Black "ABLANCO"]
[Result "1-0"]
[WhiteElo "1803"]
[BlackElo "1135"]

1. e4 e5 2. Nf3 d6 3. d4 d5 4. exd5 exd4 5. Qxd4 Qe7+ 6. Be2 b6 7. Be3 Nc6 8.
dxc6 Nf6 9. Bg5 Ba6 10. Qe5 O-O-O 11. Bxa6+ Kb8 12. Qxe7 Bxe7 13. O-O Bc5 14.
Nc3 Rhe8 15. Bxf6 gxf6 16. Rfe1 Be7 17. Rad1 f5 18. Rxd8+ Rxd8 19. Rxe7 1-0

[Event "AUTO-OPEN-1370"]
[Site "http://www.queenalice.com/game.php?id=508886"]
[Date "2008.12.17"]
[Round "1"]
[White "ABLANCO"]
[Black "REUSKING"]
[Result "0-1"]
[WhiteElo "1129"]
[BlackElo "1934"]

1. d4 d5 2. Nc3 Nf6 3. Nb5 c6 4. Nc3 Bf5 5. e3 e6 6. Nh3 Bd6 7. Bd3 Bxd3 8. Qxd3
O-O 9. O-O Nbd7 10. Ng5 e5 11. dxe5 Nxe5 12. Qf5 h6 13. Nh3 Qd7 14. e4 Nxe4 15.
g4 Qxf5 16. gxf5 Nxc3 17. bxc3 Nf3+ 18. Kg2 Nxh2 0-1

[Event "AUTO-OPEN-1370"]
[Site "http://www.queenalice.com/game.php?id=508887"]
[Date "2008.12.17"]
[Round "1"]
[White "REUSKING"]
[Black "ABLANCO"]
[Result "1-0"]
[WhiteElo "1932"]
[BlackElo "1131"]

1. e4 e5 2. Nf3 Nc6 3. d4 Nf6 4. Nc3 exd4 5. Nxd4 Bc5 6. Be3 Nb4 7. a3 Nc6 8.
Nxc6 bxc6 9. Bxc5 d6 10. Be3 Bg4 11. f3 Bh5 12. Bc4 O-O 13. O-O Rb8 14. b4 c5
15. bxc5 dxc5 16. Bxc5 Nd7 17. Bxa7 Rb7 18. Be3 Re8 19. Qd5 1-0